National Anthem of Pakistan - قومی ترانہ (Quami Taranah) - Statistics

General Stats
  • This quiz has been taken 9 times
  • The average score is 13 of 53
Answer Stats
Lyrics % Correct
Pāk
100%
Pāk
100%
bād
63%
bād
63%
bād
63%
bād!
63%
bād
63%
shād
50%
shād
50%
shād
50%
Shād
50%
Kishwar
38%
Markaz
38%
Arz-
25%
hasīn
25%
ka
25%
manzil
25%
murād
25%
nizām
25%
Pākistān!
25%
Quam,
25%
Quwwat
25%
sarzamīn
25%
sarzamīn
25%
Tu
25%
yaqīn
25%
āli
13%
awām
13%
azm
13%
hilāl
13%
kamāl
13%
khudā
13%
mulk,
13%
nishān
13%
Parcam
13%
Pāyindah
13%
Rahbar
13%
saltanat
13%
shān
13%
shān
13%
Tarjumān
13%
zūl-jalāl
13%
hāl
0%
istiqbāl!
0%
Jān
0%
māzi,
0%
o-
0%
o-
0%
Sāyah
0%
sitārah-
0%
tābindah
0%
taraqqi-
0%
ukhuwwat
0%
No matching quizzes found
Score Distribution
Percent of People with Each Score
Percentile by Number Answered
Your Score History
You have not taken this quiz